[Event "GBR-ch76"]
[Site "Plymouth"]
[Date "1989.08.08"]
[Round "8.3"]
[White "Hodgson, Julian M"]
[Black "Watson, William Nicholas"]
[Result "1-0"]
[WhiteElo "2535"]
[BlackElo "2495"]
[PlyCount "81"]
[EventDate "1989.07.31"]
[EventType "swiss"]
[EventRounds "11"]
[EventCountry "GBR"]
[SourceTitle "BritBase"]
[Source "John Saunders"]
[SourceDate "2023.12.16"]
[SourceVersion "1"]
[SourceVersionDate "2023.12.16"]
[SourceQuality "1"]

1. g3 g6 2. Bg2 Bg7 3. e4 c5 4. f4 Nc6 5. Nf3 e6 6. c3 d6 7. d4 cxd4 8. cxd4
Qb6 9. e5 Nge7 10. Nc3 O-O 11. O-O Rd8 12. Kh1 dxe5 13. fxe5 Nxd4 14. Nxd4 Qxd4
15. Bg5 Qxd1 16. Raxd1 Rxd1 17. Rxd1 Nd5 18. Bf6 h5 19. Nxd5 exd5 20. Bxd5 Bg4
21. Rd2 Rb8 22. Kg2 b6 23. h3 Bf5 24. Rd4 Re8 25. g4 hxg4 26. hxg4 Bxf6 27.
exf6 Be6 28. Kf3 g5 29. b4 Kh7 30. Be4+ Kg8 31. a3 Rc8 32. Bf5 Bxf5 33. gxf5
Rc6 34. Kg4 Rxf6 35. Kxg5 Rc6 36. b5 Rc5 37. a4 Kg7 38. Rd7 a6 39. bxa6 Ra5 40.
a7 Rxa4 41. f6+ 1-0

[Event "GBR-ch76"]
[Site "Plymouth"]
[Date "1989.08.08"]
[Round "8.4"]
[White "Adams, Michael"]
[Black "Levitt, Jonathan P"]
[Result "1/2-1/2"]
[WhiteElo "2505"]
[BlackElo "2480"]
[PlyCount "54"]
[EventDate "1989.07.31"]
[EventType "swiss"]
[EventRounds "11"]
[EventCountry "GBR"]
[SourceTitle "BritBase"]
[Source "John Saunders"]
[SourceDate "2023.12.16"]
[SourceVersion "1"]
[SourceVersionDate "2023.12.16"]
[SourceQuality "1"]

1. e4 e6 2. d4 d5 3. e5 c5 4. c3 Nc6 5. Nf3 Bd7 6. a3 c4 7. g3 Qc7 8. h4 f5 9.
Bg2 Nge7 10. O-O h6 11. Nbd2 Na5 12. a4 O-O-O 13. b3 cxb3 14. Nxb3 Nxb3 15.
Qxb3 Nc6 16. Qa2 Na5 17. Be3 Kb8 18. Nd2 Rc8 19. Rfc1 Be7 20. h5 Nc4 21. Nxc4
Qxc4 22. Qb2 Rhd8 23. Bf1 Qc7 24. c4 Bc6 25. Rab1 dxc4 26. Bxc4 Qd7 27. Qa2 Bd5
1/2-1/2

[Event "GBR-ch76"]
[Site "Plymouth"]
[Date "1989.08.08"]
[Round "8.5"]
[White "King, Daniel John"]
[Black "Norwood, David Robert"]
[Result "1/2-1/2"]
[WhiteElo "2495"]
[BlackElo "2485"]
[PlyCount "75"]
[EventDate "1989.07.31"]
[EventType "swiss"]
[EventRounds "11"]
[EventCountry "GBR"]
[SourceTitle "BritBase"]
[Source "John Saunders"]
[SourceDate "2023.12.16"]
[SourceVersion "1"]
[SourceVersionDate "2023.12.16"]
[SourceQuality "1"]

1. e4 g6 2. d4 Bg7 3. Nf3 d6 4. Be2 Nf6 5. Nc3 O-O 6. O-O c6 7. a4 a5 8. Be3 d5
9. exd5 Nxd5 10. Nxd5 Qxd5 11. Qd2 Nd7 12. Bh6 e5 13. Bxg7 Kxg7 14. Qc3 e4 15.
Nd2 Nf6 16. f3 Rd8 17. Nb3 Qg5 18. fxe4 Nxe4 19. Qf3 Nf6 20. c3 Be6 21. Nc5 Bd5
22. Qf2 b6 23. Nd3 Ne4 24. Qf4 h6 25. Bf3 Re8 26. Rfe1 f5 27. Qc7+ Re7 28. Qxb6
Raa7 29. Qb8 Rab7 30. Qf4 Qxf4 31. Nxf4 Rxb2 32. Rac1 Ra2 33. c4 Bf7 34. Nd3
Rxa4 35. Ne5 c5 36. Nc6 Rb7 37. Nd8 Re7 38. Nc6 1/2-1/2

[Event "GBR-ch76"]
[Site "Plymouth"]
[Date "1989.08.08"]
[Round "8.6"]
[White "Flear, Glenn C"]
[Black "Arkell, Keith C"]
[Result "0-1"]
[WhiteElo "2435"]
[BlackElo "2450"]
[PlyCount "76"]
[EventDate "1989.07.31"]
[EventType "swiss"]
[EventRounds "11"]
[EventCountry "GBR"]
[SourceTitle "BritBase"]
[Source "John Saunders"]
[SourceDate "2023.12.16"]
[SourceVersion "1"]
[SourceVersionDate "2023.12.16"]
[SourceQuality "1"]

1. d4 Nf6 2. c4 e6 3. Nc3 Bb4 4. f3 c5 5. d5 d6 6. e4 Nh5 7. g3 exd5 8. cxd5
O-O 9. Bg2 f5 10. Bd2 fxe4 11. Nxe4 Bf5 12. Bxb4 cxb4 13. Nh3 Qb6 14. Nef2 Re8+
15. Kf1 Bd7 16. f4 Bb5+ 17. Kg1 Be2 18. Qc2 Bg4 19. Ng5 Nf6 20. Nge4 Nbd7 21.
h3 Rac8 22. Qd3 Bh5 23. g4 Bg6 24. Nxf6+ Nxf6 25. f5 Bf7 26. g5 Re3 27. Qd2 Ne4
28. Bxe4 Rxe4 29. f6 Rce8 30. Rf1 Re2 31. Qf4 R8e4 32. Qf5 Re5 33. Qc8+ Re8 34.
Qc4 Qe3 35. Rh2 Re1 36. fxg7 Rxf1+ 37. Kxf1 Qe5 38. Rg2 Qe1# 0-1

[Event "GBR-ch76"]
[Site "Plymouth"]
[Date "1989.08.08"]
[Round "8.7"]
[White "Conquest, Stuart C"]
[Black "Ledger, Andrew J"]
[Result "1/2-1/2"]
[WhiteElo "2515"]
[BlackElo "2225"]
[PlyCount "83"]
[EventDate "1989.07.31"]
[EventType "swiss"]
[EventRounds "11"]
[EventCountry "GBR"]
[SourceTitle "BritBase"]
[Source "John Saunders"]
[SourceDate "2023.12.16"]
[SourceVersion "1"]
[SourceVersionDate "2023.12.16"]
[SourceQuality "1"]

1. e4 g6 2. d4 Bg7 3. c4 d6 4. Nc3 e5 5. Nge2 exd4 6. Nxd4 Nc6 7. Be3 Nge7 8.
Be2 O-O 9. O-O f5 10. Nxc6 bxc6 11. Qd2 fxe4 12. Nxe4 c5 13. Rad1 Bb7 14. Ng5
Qc8 15. b4 cxb4 16. c5 Bc3 17. Qc1 Qf5 18. cxd6 cxd6 19. Rxd6 Bd5 20. f4 Bxa2
21. Qd1 Nd5 22. Bc1 Rad8 23. Bg4 Rxd6 24. Bxf5 Rxf5 25. Qe2 Bb3 26. Ne4 Bd4+
27. Kh1 Nc3 28. Qd3 Rdd5 29. Bb2 a5 30. Re1 Rxf4 31. Nd2 Ba2 32. Qa6 Rf8 33.
Nf3 Bg7 34. h4 a4 35. Ng5 Rd4 36. Nf3 Rdf4 37. Bc1 R4f6 38. Qb7 Bd5 39. Qxb4
Bxf3 40. gxf3 Rxf3 41. Qc4+ Kh8 42. Ba3 1/2-1/2

[Event "GBR-ch76"]
[Site "Plymouth"]
[Date "1989.08.08"]
[Round "8.8"]
[White "Beaumont, Chris R"]
[Black "Cooper, John Grantley"]
[Result "1/2-1/2"]
[WhiteElo "2460"]
[BlackElo "2390"]
[PlyCount "33"]
[EventDate "1989.07.31"]
[EventType "swiss"]
[EventRounds "11"]
[EventCountry "GBR"]
[SourceTitle "BritBase"]
[Source "John Saunders"]
[SourceDate "2023.12.16"]
[SourceVersion "1"]
[SourceVersionDate "2023.12.16"]
[SourceQuality "1"]

1. Nf3 Nf6 2. c4 e6 3. g3 d5 4. Bg2 Be7 5. d4 O-O 6. Qc2 c5 7. O-O cxd4 8. Nxd4
Nc6 9. Nxc6 bxc6 10. Nc3 Ba6 11. b3 dxc4 12. bxc4 Qd4 13. Bxc6 Rac8 14. Bb5
Bxb5 15. Nxb5 Qxc4 16. Qxc4 Rxc4 17. Nxa7 1/2-1/2

[Event "GBR-ch76"]
[Site "Plymouth"]
[Date "1989.08.08"]
[Round "8.9"]
[White "Cavendish, James"]
[Black "Howell, James C"]
[Result "0-1"]
[WhiteElo "2390"]
[BlackElo "2395"]
[PlyCount "52"]
[EventDate "1989.07.31"]
[EventType "swiss"]
[EventRounds "11"]
[EventCountry "GBR"]
[SourceTitle "BritBase"]
[Source "John Saunders"]
[SourceDate "2023.12.16"]
[SourceVersion "1"]
[SourceVersionDate "2023.12.16"]
[SourceQuality "1"]

1. c4 e5 2. Nc3 Bb4 3. Qc2 Nf6 4. Nf3 Nc6 5. e3 O-O 6. Nd5 Re8 7. Ng5 g6 8. h4
Bf8 9. a3 d6 10. Bd3 Bg7 11. h5 Nxd5 12. cxd5 Nd4 13. exd4 Qxg5 14. O-O Qxh5
15. Qxc7 exd4 16. Bb5 Rf8 17. Bc4 d3 18. Bxd3 Be5 19. g3 Bh3 20. Qc4 Rac8 21.
Qe4 Bxf1 22. Bxf1 Qd1 23. d4 Bxg3 24. Bh6 Qxa1 25. fxg3 Rfe8 26. Qf4 Re1 0-1

[Event "GBR-ch76"]
[Site "Plymouth"]
[Date "1989.08.08"]
[Round "8.10"]
[White "McNab, Colin Anderson"]
[Black "Emms, John M"]
[Result "1/2-1/2"]
[WhiteElo "2435"]
[BlackElo "2300"]
[PlyCount "137"]
[EventDate "1989.07.31"]
[EventType "swiss"]
[EventRounds "11"]
[EventCountry "GBR"]
[SourceTitle "BritBase"]
[Source "John Saunders"]
[SourceDate "2023.12.16"]
[SourceVersion "1"]
[SourceVersionDate "2023.12.16"]
[SourceQuality "1"]

1. c4 e6 2. Nf3 Nf6 3. g3 d5 4. b3 a5 5. Bb2 a4 6. Na3 Be7 7. Bg2 O-O 8. O-O c6
9. d3 Qa5 10. Qc1 b5 11. cxb5 cxb5 12. bxa4 Qxa4 13. Nc2 Nc6 14. Ncd4 Nxd4 15.
Bxd4 Bd7 16. Qe3 Rfc8 17. Ne5 Be8 18. f4 Rc2 19. Bh3 Qxd4 20. Qxd4 Bc5 21. Qxc5
Rxc5 22. e3 Rc2 23. Rf2 Rxf2 24. Kxf2 b4 25. Rb1 Rxa2+ 26. Kg1 Ra4 27. Bf1 Kf8
28. Be2 Ke7 29. Kf2 Kd6 30. Bd1 Ra2+ 31. Be2 d4 32. Nc4+ Kc5 33. exd4+ Kxd4 34.
Rxb4 Nd5 35. Rb2 Rxb2 36. Nxb2 Bb5 37. Ke1 Kc3 38. Nd1+ Kc2 39. Nf2 f5 40. Bd1+
Kc3 41. Be2 Nb4 42. Nh3 h6 43. Ng1 Bxd3 44. Bh5 Kd4 45. Kf2 Be4 46. Bf7 Bd5 47.
Nf3+ Ke4 48. Be8 Nc2 49. Bb5 Ne3 50. Ba6 Ng4+ 51. Ke2 Bc6 52. Bc4 Bd7 53. Ba6
Kd5 54. h3 Nf6 55. Ne5 Be8 56. Bc4+ Kd6 57. Ke3 g5 58. fxg5 hxg5 59. Nf3 Nh7
60. Nd4 Bd7 61. Bd3 Ke5 62. Nf3+ Kf6 63. g4 f4+ 64. Kd4 Nf8 65. h4 e5+ 66. Kd5
Be6+ 67. Kd6 Bxg4 68. hxg5+ Kg7 69. Nxe5 1/2-1/2

[Event "GBR-ch76"]
[Site "Plymouth"]
[Date "1989.08.08"]
[Round "8.11"]
[White "Hebden, Mark L"]
[Black "Pigott, John C"]
[Result "1-0"]
[WhiteElo "2520"]
[BlackElo "2370"]
[PlyCount "71"]
[EventDate "1989.07.31"]
[EventType "swiss"]
[EventRounds "11"]
[EventCountry "GBR"]
[SourceTitle "BritBase"]
[Source "John Saunders"]
[SourceDate "2023.12.16"]
[SourceVersion "1"]
[SourceVersionDate "2023.12.16"]
[SourceQuality "1"]

1. d4 Nf6 2. Nf3 g6 3. Nc3 d5 4. Bf4 Bg7 5. e3 O-O 6. Be2 c5 7. dxc5 Nbd7 8.
O-O Nxc5 9. Be5 Ncd7 10. Bd4 b6 11. Nxd5 Nxd5 12. Bxg7 Nxe3 13. fxe3 Kxg7 14.
Qd5 Qc7 15. Nd4 Bb7 16. Qg5 e5 17. Nf5+ Kh8 18. Ne7 Qxc2 19. Rf2 Rae8 20. Rd1
f6 21. Qh6 Qxd1+ 22. Bxd1 Rxe7 23. Ba4 Kg8 24. Bb3+ Kh8 25. Rd2 Rc8 26. Be6 Bc6
27. Rd6 f5 28. Rxc6 Rxc6 29. Bxd7 Rf6 30. Ba4 Rc7 31. h4 Rc1+ 32. Kf2 f4 33. e4
Rh1 34. Qg5 Kg7 35. Qxe5 f3 36. g4 1-0

[Event "GBR-ch76"]
[Site "Plymouth"]
[Date "1989.08.08"]
[Round "8.12"]
[White "Ward, Christopher G"]
[Black "Kosten, Anthony C"]
[Result "1/2-1/2"]
[WhiteElo "2380"]
[BlackElo "2500"]
[PlyCount "90"]
[EventDate "1989.07.31"]
[EventType "swiss"]
[EventRounds "11"]
[EventCountry "GBR"]
[SourceTitle "BritBase"]
[Source "John Saunders"]
[SourceDate "2023.12.16"]
[SourceVersion "1"]
[SourceVersionDate "2023.12.16"]
[SourceQuality "1"]

1. d4 d6 2. c4 e5 3. d5 f5 4. Nc3 Nf6 5. e4 g6 6. exf5 gxf5 7. Be2 Bg7 8. Bh5+
Nxh5 9. Qxh5+ Kf8 10. f4 Qe8 11. Qxe8+ Kxe8 12. fxe5 dxe5 13. Nge2 Na6 14. O-O
Rf8 15. Ng3 Rf7 16. Bg5 Nc5 17. Rad1 e4 18. Nh5 Bh8 19. Rfe1 a5 20. Be3 b6 21.
Bd4 Bxd4+ 22. Rxd4 Bd7 23. g4 Kf8 24. gxf5 Bxf5 25. Ng3 Re8 26. b3 Bg6 27. d6
Ne6 28. Rd5 Nf4 29. d7 Rd8 30. Rd4 Rdxd7 31. Rxd7 Rxd7 32. Rf1 Rf7 33. Ngxe4
Ne2+ 34. Nxe2 Bxe4 35. Nc3 Bc6 36. Rxf7+ Kxf7 37. Kf2 Ke6 38. Ke3 Ke5 39. Ne2
Bd7 40. Nf4 Bf5 41. Nd5 Kd6 42. Kd4 c5+ 43. Ke3 b5 44. Nc3 bxc4 45. bxc4 Ke5
1/2-1/2

[Event "GBR-ch76"]
[Site "Plymouth"]
[Date "1989.08.08"]
[Round "8.13"]
[White "Motwani, Paul"]
[Black "Morris, Philip J"]
[Result "1-0"]
[WhiteElo "2490"]
[BlackElo "2345"]
[PlyCount "133"]
[EventDate "1989.07.31"]
[EventType "swiss"]
[EventRounds "11"]
[EventCountry "GBR"]
[SourceTitle "BritBase"]
[Source "John Saunders"]
[SourceDate "2023.12.16"]
[SourceVersion "1"]
[SourceVersionDate "2023.12.16"]
[SourceQuality "1"]

1. e4 e5 2. Nf3 Nc6 3. Bc4 Nf6 4. d4 exd4 5. e5 d5 6. Bb5 Ne4 7. Nxd4 Bd7 8.
Bxc6 bxc6 9. O-O Be7 10. f3 Nc5 11. f4 O-O 12. f5 Ne4 13. Nc3 Nxc3 14. bxc3 c5
15. Ne2 d4 16. cxd4 cxd4 17. Qd3 Re8 18. Ng3 Bf8 19. e6 Bc6 20. Nh5 Qd5 21. Qg3
Kh8 22. Ba3 Qxg2+ 23. Qxg2 Bxg2 24. Bxf8 Bxf1 25. Bxg7+ Kg8 26. Bxd4 Bc4 27.
Nf6+ Kf8 28. Nxh7+ Kg8 29. Nf6+ Kf8 30. Bc5+ Kg7 31. Nxe8+ Rxe8 32. e7 f6 33.
a4 a6 34. Rd1 Kf7 35. Rd4 Be2 36. Kf2 Bh5 37. h3 Kg7 38. Rd7 Bf7 39. Ke3 Bc4
40. Rd8 Kf7 41. Rd4 Bf1 42. h4 Bh3 43. Kf4 Bg2 44. Ba3 Rh8 45. Rd8 Re8 46. h5
Bc6 47. a5 Kg7 48. Ke3 Kh6 49. Kd4 Kg5 50. h6 Kxh6 51. Kc5 Ba4 52. Kd5 Kg7 53.
Ke6 Bb5 54. Rxe8 Bxe8 55. Bb2 Bb5 56. Bxf6+ Kg8 57. Bh4 c5 58. f6 Bc4+ 59. Kd7
Bb5+ 60. Kd8 Kf7 61. c4 Ba4 62. Bf2 Bc6 63. Bxc5 Ba4 64. Bd4 Bc6 65. c5 Bb5 66.
Kc7 Ke8 67. c6 1-0

[Event "GBR-ch76"]
[Site "Plymouth"]
[Date "1989.08.08"]
[Round "8.14"]
[White "Barua, Dibyendu"]
[Black "Large, Peter G"]
[Result "1-0"]
[WhiteElo "2470"]
[BlackElo "2340"]
[PlyCount "65"]
[EventDate "1989.07.31"]
[EventType "swiss"]
[EventRounds "11"]
[EventCountry "GBR"]
[SourceTitle "BritBase"]
[Source "John Saunders"]
[SourceDate "2023.12.16"]
[SourceVersion "1"]
[SourceVersionDate "2023.12.16"]
[SourceQuality "1"]

1. e4 e6 2. d4 d5 3. Nd2 c5 4. Ngf3 Nf6 5. exd5 exd5 6. Bb5+ Bd7 7. Bxd7+ Nbxd7
8. O-O Be7 9. dxc5 Nxc5 10. Nd4 Qd7 11. N2f3 O-O 12. Ne5 Qc7 13. Bf4 Qb6 14.
Nf5 Rfe8 15. Qf3 Bf8 16. b3 Nce4 17. c4 Rad8 18. Rad1 Qe6 19. Nd4 Qa6 20. Nb5
Rc8 21. a4 g5 22. Bg3 h5 23. cxd5 h4 24. d6 hxg3 25. d7 gxf2+ 26. Kh1 Qe6 27.
dxe8=Q Rxe8 28. Nc4 g4 29. Qe3 Nd5 30. Rxd5 Qxd5 31. Nc7 Qc6 32. Nxe8 Qxe8 33.
Nd2 1-0

[Event "GBR-ch76"]
[Site "Plymouth"]
[Date "1989.08.08"]
[Round "8.15"]
[White "Murugan, Krishnamoorthy"]
[Black "Nicholson, John Graham"]
[Result "1/2-1/2"]
[WhiteElo "2450"]
[BlackElo "2295"]
[PlyCount "42"]
[EventDate "1989.07.31"]
[EventType "swiss"]
[EventRounds "11"]
[EventCountry "GBR"]
[SourceTitle "BritBase"]
[Source "John Saunders"]
[SourceDate "2023.12.16"]
[SourceVersion "1"]
[SourceVersionDate "2023.12.16"]
[SourceQuality "1"]

1. d4 Nf6 2. c4 g6 3. Nc3 d5 4. Nf3 Bg7 5. e3 O-O 6. Bd2 c5 7. dxc5 Na6 8. cxd5
Nxc5 9. Bc4 b6 10. O-O Bb7 11. Be1 Rc8 12. Rc1 Qd6 13. Nd4 a6 14. b4 Ncd7 15.
Bb3 Nxd5 16. Nxd5 Rxc1 17. Qxc1 Bxd5 18. Bxd5 Qxd5 19. Qc6 Qxc6 20. Nxc6 Bf6
21. Bd2 Ne5 1/2-1/2

[Event "GBR-ch76"]
[Site "Plymouth"]
[Date "1989.08.08"]
[Round "8.16"]
[White "Carr, Neil L"]
[Black "Ravi, Lanka"]
[Result "0-1"]
[WhiteElo "2315"]
[BlackElo "2410"]
[PlyCount "116"]
[EventDate "1989.07.31"]
[EventType "swiss"]
[EventRounds "11"]
[EventCountry "GBR"]
[SourceTitle "BritBase"]
[Source "John Saunders"]
[SourceDate "2023.12.16"]
[SourceVersion "1"]
[SourceVersionDate "2023.12.16"]
[SourceQuality "1"]

1. e4 e6 2. d4 d5 3. Nd2 a6 4. Bd3 c5 5. dxc5 Bxc5 6. Ngf3 Nf6 7. O-O Nc6 8. c3
dxe4 9. Nxe4 Nxe4 10. Bxe4 Qxd1 11. Rxd1 Bd7 12. Bf4 f6 13. Nd2 e5 14. Nb3 Bb6
15. Be3 Bxe3 16. fxe3 O-O-O 17. Nc5 Bg4 18. Rxd8+ Rxd8 19. Bxh7 Rd2 20. b4 Kc7
21. a4 Re2 22. Bd3 Rd2 23. e4 a5 24. bxa5 Nxa5 25. Bb5 Kd6 26. Nd3 Be6 27. Rb1
Bb3 28. Rb2 Rd1+ 29. Kf2 b6 30. Ke2 Rh1 31. Ne1 Rxh2 32. Rd2+ Ke6 33. Rd8 Bc4+
34. Bxc4+ Nxc4 35. Rc8 Nd6 36. Rc6 Rh4 37. Kd3 Kd7 38. Rxb6 Nxe4 39. Kc4 Nd6+
40. Kd5 Nf5 41. a5 Ne3+ 42. Kc5 Rc4+ 43. Kb5 Rxc3 44. a6 Nd5 45. Rb7+ Nc7+ 46.
Kb4 Rc6 47. a7 Ra6 48. Nd3 Kc6 49. Nc5 Nd5+ 50. Kc4 Ra5 51. a8=Q Rxa8 52. Rxg7
Ne3+ 53. Kd3 Ra3+ 54. Ke4 Kxc5 55. Rg3 Ra4+ 56. Kxe3 Ra3+ 57. Kf2 Rxg3 58. Kxg3
Kd4 0-1

[Event "GBR-ch76"]
[Site "Plymouth"]
[Date "1989.08.08"]
[Round "8.17"]
[White "Haque, Rezaul"]
[Black "Crawley, Gavin"]
[Result "0-1"]
[WhiteElo "2285"]
[BlackElo "2380"]
[PlyCount "148"]
[EventDate "1989.07.31"]
[EventType "swiss"]
[EventRounds "11"]
[EventCountry "GBR"]
[SourceTitle "BritBase"]
[Source "John Saunders"]
[SourceDate "2023.12.16"]
[SourceVersion "1"]
[SourceVersionDate "2023.12.16"]
[SourceQuality "1"]

1. d4 g6 2. c4 d6 3. Nc3 Bg7 4. e4 c5 5. dxc5 dxc5 6. Qxd8+ Kxd8 7. Be3 Bxc3+
8. bxc3 b6 9. Nf3 Nc6 10. Be2 Ke8 11. O-O Na5 12. Nd2 Be6 13. f4 f5 14. e5 Rd8
15. Rab1 Nh6 16. h3 Kf7 17. Kf2 Rd7 18. Rg1 Rhd8 19. Rb2 Ke8 20. g4 Nf7 21. Nb3
Nxc4 22. gxf5 Nxb2 23. fxe6 Nd1+ 24. Kf3 Nxe5+ 25. fxe5 Rd3 26. Bxd3 Rxd3 27.
Re1 Nxc3 28. Nc1 Rd5 29. Bf2 Nb5 30. Re2 Nc7 31. Ke4 Rd1 32. Nb3 Nxe6 33. h4
Kf7 34. Rd2 Rf1 35. Bg3 Rg1 36. Rf2+ Ke8 37. Rf3 Kd7 38. Rd3+ Kc6 39. Rf3 Ng7
40. Bf2 Rg4+ 41. Ke3 Nf5+ 42. Kd2 Kd5 43. h5 Kxe5 44. hxg6 hxg6 45. Nc1 Ra4 46.
a3 g5 47. Rc3 Kd5 48. Ne2 Rg4 49. Rd3+ Nd4 50. Nc3+ Kc6 51. Nd1 e5 52. Re3 Rg2
53. Kd3 Kd6 54. Bg3 Nc6 55. Nc3 Ke6 56. Ne2 b5 57. Nc3 c4+ 58. Ke4 Nd4 59. Nd5
Nc2 60. Rc3 Re2+ 61. Ne3 Nxe3 62. Rxe3 Rxe3+ 63. Kxe3 Kd5 64. Be1 g4 65. Bg3 e4
66. Be1 a6 67. Kd2 Kd4 68. Bf2+ e3+ 69. Bxe3+ Ke4 70. Ke2 g3 71. Bg1 c3 72. Bc5
g2 73. Kd1 Kd3 74. Bg1 a5 0-1

[Event "GBR-ch76"]
[Site "Plymouth"]
[Date "1989.08.08"]
[Round "8.18"]
[White "Wells, Peter K"]
[Black "Sugden, John Neil"]
[Result "1-0"]
[WhiteElo "2400"]
[BlackElo "2255"]
[PlyCount "131"]
[EventDate "1989.07.31"]
[EventType "swiss"]
[EventRounds "11"]
[EventCountry "GBR"]
[SourceTitle "BritBase"]
[Source "John Saunders"]
[SourceDate "2023.12.16"]
[SourceVersion "1"]
[SourceVersionDate "2023.12.16"]
[SourceQuality "1"]

1. Nf3 d6 2. e4 c5 3. d4 cxd4 4. Nxd4 Nf6 5. Nc3 a6 6. Bg5 Nbd7 7. Bc4 Qa5 8.
Qd2 e6 9. O-O Be7 10. Kh1 h6 11. Be3 Ne5 12. Bb3 b5 13. f4 b4 14. Na4 Neg4 15.
e5 Ne4 16. Qe2 Nxe3 17. Qxe3 Bb7 18. Nb6 O-O 19. Nxa8 Bxa8 20. Nf3 dxe5 21.
Nxe5 Bc5 22. Qe2 Qd8 23. Nd3 Qh4 24. Qe1 Qg4 25. Nxc5 Nxc5 26. Qg3 Qf5 27. c3
bxc3 28. Qxc3 Ne4 29. Qe3 Nf6 30. Bd1 Qb5 31. Rf2 Ne4 32. Re2 Rd8 33. Bc2 f5
34. Rd1 Rxd1+ 35. Bxd1 Kh7 36. Kg1 e5 37. fxe5 Qxe5 38. Bc2 Bc6 39. Bd3 a5 40.
Rc2 Bd5 41. Re2 h5 42. Qc5 Qf4 43. Bxe4 Bxe4 44. Qxa5 h4 45. Qc3 Qd6 46. Qd2
Qa6 47. Qe1 h3 48. Rxe4 fxe4 49. Qxe4+ Kg8 50. Qe8+ Kh7 51. Qh5+ Kg8 52. Qxh3
Qxa2 53. Qc8+ Kf7 54. Qc7+ Kf6 55. Qc3+ Kf7 56. b4 Kg6 57. h3 Qe2 58. Qg3+ Kh7
59. Qb8 g5 60. Qd6 Qe1+ 61. Kh2 Qe2 62. Qd5 Kh6 63. b5 g4 64. h4 Kh7 65. b6 g3+
66. Kh3 1-0

[Event "GBR-ch76"]
[Site "Plymouth"]
[Date "1989.08.08"]
[Round "8.20"]
[White "Lewis, Andrew P"]
[Black "Burgess, Graham K"]
[Result "1/2-1/2"]
[WhiteElo "2285"]
[BlackElo "2350"]
[PlyCount "82"]
[EventDate "1989.07.31"]
[EventType "swiss"]
[EventRounds "11"]
[EventCountry "GBR"]
[SourceTitle "BritBase"]
[Source "John Saunders"]
[SourceDate "2023.12.16"]
[SourceVersion "1"]
[SourceVersionDate "2023.12.16"]
[SourceQuality "1"]

1. d4 Nf6 2. c4 g6 3. Nc3 Bg7 4. Nf3 O-O 5. Bg5 d6 6. e3 c6 7. Be2 Bg4 8. h3
Bxf3 9. Bxf3 Qa5 10. Bh4 e5 11. O-O Qb4 12. Qd3 Nbd7 13. a3 Qb3 14. Bd1 Qxb2
15. Rb1 Qxa3 16. Ba4 d5 17. c5 exd4 18. exd4 b5 19. Rb3 Nxc5 20. dxc5 Qxc5 21.
Bxb5 cxb5 22. Bxf6 Bxf6 23. Nxd5 Bg7 24. Rxb5 Qd4 25. Qxd4 Bxd4 26. Rd1 Bg7 27.
Ra5 Rfd8 28. Ne7+ Kf8 29. Rxd8+ Rxd8 30. Nc6 Rd1+ 31. Kh2 Rc1 32. Ra6 Ra1 33.
Rxa1 Bxa1 34. Nxa7 Bd4 35. Nc6 Bxf2 36. g4 Bc5 37. Kg2 f6 38. Kf3 Kf7 39. Na5
Bd4 40. Nc4 Ke6 41. Ke4 Be5 1/2-1/2

[Event "GBR-ch76"]
[Site "Plymouth"]
[Date "1989.08.08"]
[Round "8.21"]
[White "Hennigan, Michael T"]
[Black "Muir, Andrew J"]
[Result "0-1"]
[WhiteElo "2345"]
[BlackElo "2250"]
[PlyCount "88"]
[EventDate "1989.07.31"]
[EventType "swiss"]
[EventRounds "11"]
[EventCountry "GBR"]
[SourceTitle "BritBase"]
[Source "John Saunders"]
[SourceDate "2023.12.16"]
[SourceVersion "1"]
[SourceVersionDate "2023.12.16"]
[SourceQuality "1"]

1. e4 c5 2. Nf3 Nc6 3. d4 cxd4 4. Nxd4 Nf6 5. Nc3 d6 6. Be2 e5 7. Nf3 h6 8. h3
Be7 9. O-O O-O 10. Re1 Be6 11. Bf1 Qa5 12. Bd2 Qb6 13. b3 Nd4 14. Nxd4 exd4 15.
Nd5 Bxd5 16. exd5 Rfe8 17. c4 dxc3 18. Bxc3 Qc5 19. Bc4 a6 20. Bd4 Qb4 21. a3
Qa5 22. Qf3 Qd2 23. Rad1 Qg5 24. Be3 Qh5 25. g4 Qh4 26. Bd3 g6 27. Bf4 Nh7 28.
Kg2 Bf8 29. Rxe8 Rxe8 30. Rc1 Qe7 31. h4 Qxh4 32. Rc7 Re1 33. Bf1 Qf6 34. Rxb7
g5 35. Bxd6 Qxf3+ 36. Kxf3 Bxd6 37. Bxa6 Bxa3 38. Bc4 Re7 39. Rb8+ Kg7 40. Ra8
Bb4 41. Rb8 Bd6 42. Rb6 Rd7 43. Ke4 Nf6+ 44. Kf5 Ne8 0-1

[Event "GBR-ch76"]
[Site "Plymouth"]
[Date "1989.08.08"]
[Round "8.23"]
[White "Houston, David A"]
[Black "Lane, Gary William"]
[Result "0-1"]
[WhiteElo "2260"]
[BlackElo "2385"]
[PlyCount "30"]
[EventDate "1989.07.31"]
[EventType "swiss"]
[EventRounds "11"]
[EventCountry "GBR"]
[SourceTitle "BritBase"]
[Source "John Saunders"]
[SourceDate "2023.12.16"]
[SourceVersion "1"]
[SourceVersionDate "2023.12.16"]
[SourceQuality "1"]

1. e4 e5 2. Nf3 Nc6 3. Bb5 Bc5 4. O-O Nf6 5. c3 O-O 6. d4 Bb6 7. Bg5 h6 8. Bxc6
hxg5 9. Ba4 Nxe4 10. Nxe5 d5 11. Nd2 Nd6 12. Qh5 Qf6 13. f4 gxf4 14. Bc2 g6 15.
Qh6 Qxe5 0-1

[Event "GBR-ch76"]
[Site "Plymouth"]
[Date "1989.08.08"]
[Round "8.25"]
[White "Jackson, Sheila"]
[Black "Kinsman, Andrew PH"]
[Result "0-1"]
[WhiteElo "2210"]
[BlackElo "2330"]
[PlyCount "78"]
[EventDate "1989.07.31"]
[EventType "swiss"]
[EventRounds "11"]
[EventCountry "GBR"]
[SourceTitle "BritBase"]
[Source "John Saunders"]
[SourceDate "2023.12.16"]
[SourceVersion "1"]
[SourceVersionDate "2023.12.16"]
[SourceQuality "1"]

1. e4 e6 2. d4 d5 3. Nd2 Nf6 4. e5 Nfd7 5. c3 c5 6. Bd3 Nc6 7. Ne2 cxd4 8. cxd4
f6 9. Nf4 Nxd4 10. Qh5+ Ke7 11. exf6+ Nxf6 12. Ng6+ hxg6 13. Qxh8 e5 14. Bxg6
e4 15. O-O Ne2+ 16. Kh1 Nf4 17. Bh7 Nd3 18. Nb3 Ne5 19. Be3 b6 20. Bxe4 dxe4
21. Qh4 Ba6 22. Rfd1 Bd3 23. Bd4 Qd5 24. f3 Kf7 25. fxe4 Bxe4 26. Qg3 Bd6 27.
Bc5 bxc5 28. Rxd5 Bxd5 29. Nxc5 Nc4 30. Qf2 Rh8 31. Kg1 Rxh2 32. Nd3 Kg6 33. b3
Ng4 34. Qe2 Nce3 35. Ne1 Bg3 36. Rc1 Bxe1 37. Qd3+ Kg5 38. Rxe1 Rxg2+ 39. Kh1
Nf2# 0-1

[Event "GBR-ch76"]
[Site "Plymouth"]
[Date "1989.08.08"]
[Round "8.27"]
[White "Hamid, Rani"]
[Black "Ruxton, Keith"]
[Result "1-0"]
[WhiteElo "2165"]
[BlackElo "2325"]
[PlyCount "49"]
[EventDate "1989.07.31"]
[EventType "swiss"]
[EventRounds "11"]
[EventCountry "GBR"]
[SourceTitle "BritBase"]
[Source "John Saunders"]
[SourceDate "2023.12.16"]
[SourceVersion "1"]
[SourceVersionDate "2023.12.16"]
[SourceQuality "1"]

1. e4 c6 2. d4 d5 3. Nc3 dxe4 4. Nxe4 Bf5 5. Ng3 Bg6 6. Nf3 Nd7 7. h4 h6 8. h5
Bh7 9. Bd3 Bxd3 10. Qxd3 e6 11. Bd2 Ngf6 12. O-O-O Be7 13. Ne4 a5 14. c4 a4 15.
Bc3 O-O 16. Nxf6+ Nxf6 17. Ne5 Qc7 18. g4 b5 19. g5 bxc4 20. Qxc4 hxg5 21. h6
g6 22. h7+ Kg7 23. d5 exd5 24. Qxc6 Rfc8 25. h8=Q+ 1-0